Dangerous Woman Tracklist By Streams - Statistics

General Stats
  • This quiz has been taken 8 times
  • The average score is 8 of 11
Answer Stats
# Streams Answer % Correct
3 1,394,577,292 Dangerous Woman
100%
4 637,005,413 Everyday
100%
1 1,668,285,287 Into You
100%
2 1,641,614,796 Side to Side
100%
5 466,630,313 Let Me Love You
83%
6 315,620,327 Greedy
67%
10 117,846,320 Leave Me Lonely
67%
8 239,512,144 Moonlight
67%
11 113,042,417 Bad Decisions
50%
7 314,731,184 Be Alright
50%
9 161,913,070 Thinking Bout You
50%
No matching quizzes found
Score Distribution
Percent of People with Each Score
Percentile by Number Answered
Your Score History
You have not taken this quiz